Pôžička od spoločníka z hľadiska dane z príjmov

Jednou z možností, ako môže spoločnosť rýchlo a jednoducho získať finančné prostriedky pre svoju aktuálnu potrebu, je pôžička od spoločníkov. Takýto spôsob náhrady vlastných zdrojov môže mať síce celkový nepriaznivý pohľad na takto zadlženú spoločnosť, sú však situácie, keď spoločníci nemajú inú mož...

Ausführliche Beschreibung

Gespeichert in:
Bibliographische Detailangaben
1. Verfasser: Vanková, Lucia
Format: Buchkapitel
Sprache:Slowakisch
Schlagworte:
Tags: Tag hinzufügen
Keine Tags, Fügen Sie das erste Tag hinzu!

MARC

LEADER 00000naa a2200000 4500
001 0297175
005 20240417075254.6
041 0 |a slo 
044 |a SK 
245 1 0 |a Pôžička od spoločníka z hľadiska dane z príjmov  |c Lucia Vanková 
520 |a Jednou z možností, ako môže spoločnosť rýchlo a jednoducho získať finančné prostriedky pre svoju aktuálnu potrebu, je pôžička od spoločníkov. Takýto spôsob náhrady vlastných zdrojov môže mať síce celkový nepriaznivý pohľad na takto zadlženú spoločnosť, sú však situácie, keď spoločníci nemajú inú možnosť, ako siahať po poskytovaní pôžičiek z vlastného vrecka. 
610 2 0 |a dane z príjmov 
610 2 0 |a pôžičky 
610 2 0 |a spoločníci 
610 2 0 |a prostriedky peňažné 
610 2 0 |a úrok 
610 2 0 |a dlžníci 
610 2 0 |a zadlženosť 
610 2 0 |a zákony 
100 1 |a Vanková, Lucia